Four Quadrant DC Motor Control by usiing Microcontroller and complex Programmable Logic Device (Record no. 326494)
[ view plain ]
| 000 -LEADER | |
|---|---|
| fixed length control field | 00430 a2200133 4500 |
| 001 - CONTROL NUMBER | |
| control field | 91421 |
| 082 ## - DEWEY DECIMAL CLASSIFICATION NUMBER | |
| Classification number | PR 1318 |
| 090 ## - LOCALLY ASSIGNED LC-TYPE CALL NUMBER (OCLC); LOCAL CALL NUMBER (RLIN) | |
| -- | 43552 |
| -- | 43551 |
| 100 ## - MAIN ENTRY--PERSONAL NAME | |
| Personal name | Nadeem Khan; Pof Shafqat ul Mulk and Nauman Mazhar (Advisors) |
| 245 ## - TITLE STATEMENT | |
| Title | Four Quadrant DC Motor Control by usiing Microcontroller and complex Programmable Logic Device |
| Number of part/section of a work | 72 "B" EC |
| 260 ## - PUBLICATION, DISTRIBUTION, ETC. | |
| Place of publication, distribution, etc. | Rawalpindi |
| Name of publisher, distributor, etc. | NUST |
| Date of publication, distribution, etc. | 2012 |
| 300 ## - PHYSICAL DESCRIPTION | |
| Extent | xii, 74p |
| 500 ## - GENERAL NOTE | |
| General note | BE Project Reports |
| 942 ## - ADDED ENTRY ELEMENTS (KOHA) | |
| Institution code [OBSOLETE] | CAE NUST |
| Call number prefix | PR 1318 |
| Withdrawn status | Lost status | Damaged status | Not for loan | Collection code | Permanent Location | Current Location | Date acquired | Total Checkouts | Full call number | Barcode | Date last seen | Price effective from | Koha item type |
|---|---|---|---|---|---|---|---|---|---|---|---|---|---|
| College of Aeronautical Engineering (CAE) | College of Aeronautical Engineering (CAE) | 04/03/2017 | PR 1318 | CAEPR-1318 | 04/05/2017 | 04/05/2017 | Book |
